[Event "2nd Hersonissos Open 2018"]
[Site "Hersonissos"]
[Date "2018.06.21"]
[Round "6"]
[White "Ranaldi, Lucas"]
[Black "Loshkarev, Dmitri"]
[Result "1-0"]
[WhiteElo "2283"]
[BlackElo "2089"]
[Annotator "NA"]
[PlyCount "107"]
[EventDate "2018.06.16"]
[EventType "swiss"]
[EventCountry "GRE"]
[SourceTitle "playchess.com"]
[Source "ChessBase"]
[SourceQuality "1"]
[TimeControl "5400+30"]

1. c4 {[%emt 0:01:38]} f5 {[%emt 0:00:10]} 2. g3 {[%emt 0:01:36]} Nf6 {[%emt 0:00:06]} 3. Nf3 {[%emt 0:02:31]} e6 {[%emt 0:00:07]} 4. Bg2 {[%emt 0:00:11]} d5 {[%emt 0:00:13]} 5. O-O {[%emt 0:00:22]} c6 {[%emt 0:00:42]} 6. d3 {[%emt 0:00:43]} Bd6 {[%emt 0:00:45]} 7. Nc3 {[%emt 0:13:35]} dxc4 {[%emt 0:04:29]} 8. dxc4 {[%emt 0:00:24]} O-O {[%emt 0:03:03]} 9. Qc2 {[%emt 0:04:11]} e5 {[%emt 0:04:46]} 10. e4 {[%emt 0:03:25]} Nxe4 {[%emt 0:01:21]} 11. Nxe4 {[%emt 0:00:43]} fxe4 {[%emt 0:00:12]} 12. Ng5 {[%emt 0:00:41]} Bf5 {[%emt 0:01:18]} 13. c5 {[%emt 0:02:24]} Be7 {[%emt 0:08:31]} 14. Rd1 {[%emt 0:05:38]} Qe8 {[%emt 0:03:44]} 15. Bxe4 {[%emt 0:27:27]} Bxe4 {[%emt 0:10:17]} 16. Nxe4 {[%emt 0:02:38]} Na6 {[%emt 0:08:43]} 17. Be3 {[%emt 0:03:57]} Nb4 {[%emt 0:13:58]} 18. Qb3+ {[%emt 0:02:01]} Nd5 {[%emt 0:00:20]} 19. Nc3 {[%emt 0:02:04]} Qf7 {[%emt 0:02:09]} 20. Nxd5 {[%emt 0:00:28]} cxd5 {[%emt 0:00:38]} 21. Qxd5 {[%emt 0:05:14]} Bf6 {[%emt 0:02:38]} 22. b3 {[%emt 0:01:37]} Rfd8 {[%emt 0:01:06]} 23. Qxf7+ {[%emt 0:00:37]} Kxf7 {[%emt 0:00:10]} 24. Kf1 {[%emt 0:01:05]} e4 {[%emt 0:03:19]} 25. Rac1 {[%emt 0:01:00]} Rxd1+ {[%emt 0:01:12]} 26. Rxd1 {[%emt 0:00:01]} Rd8 {[%emt 0:00:21]} 27. Rxd8 {[%emt 0:04:54]} Bxd8 {[%emt 0:00:20]} 28. c6 {[%emt 0:00:32]} bxc6 {[%emt 0:00:50]} 29. Bxa7 {[%emt 0:00:11]} Ke6 {[%emt 0:00:31]} 30. Ke2 {[%emt 0:00:42]} Kd5 {[%emt 0:00:33]} 31. Be3 {[%emt 0:00:34]} Be7 {[%emt 0:03:04]} 32. a4 {[%emt 0:01:42]} c5 {[%emt 0:05:21]} 33. Kd2 {[%emt 0:02:00]} Bd8 {[%emt 0:04:06]} 34. Kc2 {[%emt 0:01:00]} Ba5 {[%emt 0:00:54]} 35. Bd2 {[%emt 0:00:52]} Bc7 {[%emt 0:02:42]} 36. b4 {[%emt 0:08:08]} cxb4 {[%emt 0:04:35]} 37. Kb3 {[%emt 0:00:02]} Bb6 {[%emt 0:00:37]} 38. Be3 {[%emt 0:00:19]} Ba5 {[%emt 0:00:11]} 39. h3 {[%emt 0:00:27]} h5 {[%emt 0:02:14]} 40. Ba7 {[%emt 0:00:00]} g6 {[%emt 0:00:00]} 41. Be3 {[%emt 0:00:00]} Kd6 {[%emt 0:00:00]} 42. Kc4 {[%emt 0:00:00]} Kc6 {[%emt 0:00:00]} 43. h4 {[%emt 0:00:00]} b3 {[%emt 0:00:00]} 44. Kxb3 {[%emt 0:00:00]} Kd5 {[%emt 0:00:00]} 45. Ba7 {[%emt 0:00:00]} Bd8 {[%emt 0:00:00]} 46. Kb4 {[%emt 0:00:00]} g5 {[%emt 0:00:00]} 47. hxg5 {[%emt 0:00:00]} Bxg5 {[%emt 0:00:00]} 48. Be3 {[%emt 0:00:00]} Bd8 {[%emt 0:00:00]} 49. Kb5 {[%emt 0:00:00]} Kd6 {[%emt 0:00:00]} 50. Bf4+ {[%emt 0:00:00]} Kd7 {[%emt 0:00:00]} 51. a5 {[%emt 0:00:00]} h4 {[%emt 0:00:00]} 52. a6 {[%emt 0:00:46]} h3 {[%emt 0:00:00]} 53. g4 {[%emt 0:01:44]} Bg5 {[%emt 0:00:00]} 54. a7 {[%emt 0:00:16]} 1-0

[Event "2nd Hersonissos Open 2018"]
[Site "Hersonissos"]
[Date "2018.06.21"]
[Round "6"]
[White "Lirindzakis, Timotheos"]
[Black "Sielicki, Tomasz"]
[Result "1-0"]
[WhiteElo "2163"]
[BlackElo "1963"]
[Annotator "NA"]
[PlyCount "121"]
[EventDate "2018.06.16"]
[EventType "swiss"]
[EventCountry "GRE"]
[SourceTitle "playchess.com"]
[Source "ChessBase"]
[SourceQuality "1"]
[TimeControl "5400+30"]

1. d4 Nf6 {[%emt 0:01:37]} 2. c4 {[%emt 0:00:00]} c5 {[%emt 0:00:17]} 3. d5 {[%emt 0:00:10]} e5 {[%emt 0:00:17]} 4. Nc3 {[%emt 0:00:18]} d6 {[%emt 0:00:14]} 5. e4 {[%emt 0:00:16]} Nbd7 {[%emt 0:00:10]} 6. Bd3 {[%emt 0:00:20]} Be7 {[%emt 0:00:42]} 7. Nge2 {[%emt 0:00:22]} h5 {[%emt 0:00:39]} 8. Ng3 {[%emt 0:11:07]} a6 {[%emt 0:06:19]} 9. Nf5 {[%emt 0:05:08]} Bf8 {[%emt 0:01:53]} 10. Bd2 {[%emt 0:03:56]} g6 {[%emt 0:00:43]} 11. Ne3 {[%emt 0:02:06]} Bh6 {[%emt 0:03:33]} 12. h3 {[%emt 0:04:04]} h4 {[%emt 0:05:12]} 13. Be2 {[%emt 0:08:13]} Rb8 {[%emt 0:02:44]} 14. a3 {[%emt 0:07:09]} Kf8 {[%emt 0:00:55]} 15. Rb1 {[%emt 0:01:38]} Kg7 {[%emt 0:06:29]} 16. Qc2 {[%emt 0:02:29]} b6 {[%emt 0:06:56]} 17. b4 {[%emt 0:01:50]} Bf4 {[%emt 0:03:23]} 18. Rb2 {[%emt 0:11:25]} Nh5 {[%emt 0:05:30]} 19. Bg4 {[%emt 0:08:19]} Qg5 {[%emt 0:08:30]} 20. Ne2 {[%emt 0:03:18]} Ng3 {[%emt 0:05:42]} 21. Nxf4 {[%emt 0:07:28]} exf4 {[%emt 0:01:15]} 22. fxg3 {[%emt 0:09:20]} fxe3 23. Qc3+ {[%emt 0:01:20]} Qe5 {[%emt 0:02:21]} 24. Qxe3 {[%emt 0:00:30]} Qxg3+ {[%emt 0:04:47]} 25. Qxg3 {[%emt 0:00:42]} hxg3 {[%emt 0:00:03]} 26. Bxd7 {[%emt 0:03:17]} Bxd7 {[%emt 0:00:48]} 27. Bc3+ {[%emt 0:00:46]} f6 {[%emt 0:00:43]} 28. O-O {[%emt 0:02:39]} Rhf8 {[%emt 0:07:40]} 29. bxc5 {[%emt 0:00:16]} bxc5 {[%emt 0:00:02]} 30. Rxf6 {[%emt 0:00:49]} Rxb2 {[%emt 0:00:28]} 31. Rf2+ {[%emt 0:04:45]} Kg8 {[%emt 0:00:51]} 32. Rxb2 {[%emt 0:00:15]} Re8 {[%emt 0:02:54]} 33. Rb7 {[%emt 0:01:13]} Ba4 {[%emt 0:04:06]} 34. e5 {[%emt 0:00:47]} dxe5 {[%emt 0:01:51]} 35. Be1 {[%emt 0:00:01]} e4 {[%emt 0:04:41]} 36. Bxg3 {[%emt 0:00:06]} e3 {[%emt 0:01:56]} 37. Kf1 {[%emt 0:01:25]} Re4 {[%emt 0:04:03]} 38. d6 {[%emt 0:00:22]} Kf8 {[%emt 0:01:58]} 39. Ke2 {[%emt 0:00:47]} Rxc4 {[%emt 0:02:58]} 40. Kxe3 {[%emt 0:00:00]} Rc3+ {[%emt 0:00:00]} 41. Kf4 {[%emt 0:00:00]} g5+ {[%emt 0:00:00]} 42. Kg4 {[%emt 0:00:00]} Bd1+ {[%emt 0:00:00]} 43. Kf5 {[%emt 0:00:00]} Rxg3 {[%emt 0:00:00]} 44. Rb8+ {[%emt 0:00:00]} Kf7 {[%emt 0:00:00]} 45. d7 {[%emt 0:00:00]} Bc2+ {[%emt 0:00:00]} 46. Ke5 {[%emt 0:00:00]} Re3+ {[%emt 0:00:00]} 47. Kd6 {[%emt 0:00:00]} Be4 {[%emt 0:00:00]} 48. d8=Q {[%emt 0:00:00]} Rd3+ {[%emt 0:00:00]} 49. Kxc5 {[%emt 0:00:00]} Rxd8 {[%emt 0:00:00]} 50. Rxd8 {[%emt 0:00:00]} Bxg2 {[%emt 0:00:00]} 51. Rd3 {[%emt 0:00:00]} Kg6 {[%emt 0:00:00]} 52. Rg3 {[%emt 0:00:00]} Bf1 {[%emt 0:00:00]} 53. h4 {[%emt 0:00:00]} g4 {[%emt 0:01:09]} 54. Rxg4+ {[%emt 0:00:00]} Kh5 {[%emt 0:00:06]} 55. Rd4 {[%emt 0:00:00]} Be2 {[%emt 0:00:24]} 56. a4 {[%emt 0:00:00]} Bf1 {[%emt 0:00:52]} 57. a5 {[%emt 0:00:00]} Be2 {[%emt 0:00:37]} 58. Kb6 {[%emt 0:00:00]} Bf1 {[%emt 0:00:18]} 59. Kb7 {[%emt 0:00:00]} Be2 {[%emt 0:00:14]} 60. Rd6 {[%emt 0:00:00]} Kxh4 {[%emt 0:00:14]} 61. Rxa6 {[%emt 0:00:00]} 1-0

[Event "2nd Hersonissos Open 2018"]
[Site "Hersonissos"]
[Date "2018.06.21"]
[Round "6"]
[White "Lobersli, Henrik Oie"]
[Black "Pliev, Vladimir"]
[Result "1-0"]
[WhiteElo "2134"]
[BlackElo "1909"]
[Annotator "NA"]
[PlyCount "51"]
[EventDate "2018.06.16"]
[EventType "swiss"]
[EventCountry "GRE"]
[SourceTitle "playchess.com"]
[Source "ChessBase"]
[SourceQuality "1"]
[TimeControl "5400+30"]

1. d4 {[%emt 0:02:24]} Nf6 {[%emt 0:00:02]} 2. c4 {[%emt 0:00:22]} g6 {[%emt 0:00:07]} 3. Nc3 {[%emt 0:00:23]} d5 {[%emt 0:00:06]} 4. Bg5 {[%emt 0:00:48]} Ne4 {[%emt 0:00:25]} 5. Bh4 {[%emt 0:00:31]} Nxc3 {[%emt 0:00:16]} 6. bxc3 {[%emt 0:00:07]} Bg7 {[%emt 0:00:11]} 7. e3 {[%emt 0:01:18]} c5 {[%emt 0:01:23]} 8. cxd5 {[%emt 0:00:49]} Qxd5 {[%emt 0:00:51]} 9. Nf3 {[%emt 0:00:26]} Nc6 {[%emt 0:01:01]} 10. Be2 {[%emt 0:00:53]} cxd4 {[%emt 0:00:57]} 11. cxd4 {[%emt 0:00:19]} Qa5+ {[%emt 0:00:17]} 12. Qd2 {[%emt 0:00:34]} Qxd2+ {[%emt 0:00:50]} 13. Nxd2 {[%emt 0:00:52]} Bf5 {[%emt 0:01:44]} 14. Rc1 {[%emt 0:08:41]} Rd8 {[%emt 0:03:57]} 15. Nb3 {[%emt 0:20:21]} Be4 {[%emt 0:04:24]} 16. f3 {[%emt 0:04:49]} Bd5 {[%emt 0:04:11]} 17. Nc5 {[%emt 0:05:37]} Bh6 {[%emt 0:11:20]} 18. Rc3 f6 19. e4 {[%emt 0:08:23]} Bxe4 {[%emt 0:16:43]} 20. Nxe4 {[%emt 0:12:12]} Rxd4 {[%emt 0:03:41]} 21. Bf2 {[%emt 0:06:23]} Ra4 {[%emt 0:01:25]} 22. a3 {[%emt 0:01:19]} Kf7 {[%emt 0:06:23]} 23. Nc5 {[%emt 0:01:44]} Rf4 {[%emt 0:01:17]} 24. Bc4+ {[%emt 0:06:20]} e6 {[%emt 0:00:25]} 25. Bxe6+ {[%emt 0:03:11]} Ke7 {[%emt 0:00:28]} 26. g3 {[%emt 0:00:32]} 1-0

[Event "2nd Hersonissos Open 2018"]
[Site "Hersonissos"]
[Date "2018.06.21"]
[Round "6"]
[White "Serpetsidakis, Nikolaos"]
[Black "Salomon, Johan"]
[Result "0-1"]
[WhiteElo "2126"]
[BlackElo "2474"]
[Annotator "TA"]
[PlyCount "104"]
[EventDate "2018.06.16"]
[EventType "swiss"]
[EventCountry "GRE"]
[SourceTitle "playchess.com"]
[Source "ChessBase"]
[SourceQuality "1"]

{[%evp 19,104,0,7,-5,-6,-66,-58,-68,-64,-64,-68,-75,-76,-154,-167,-194,-71,-70,-69,-122,-121,-130,-111,-119,-102,-139,-94,-116,-108,-169,-161,-163,-168,-224,-139,-139,-137,-138,-133,-138,-131,-150,-152,-208,-194,-187,-133,-136,-140,-136,-116,-137,-108,-102,-23,-68,-76,-71,-71,-121,-109,-674,-674,-674,-674,-818,-818,-760,0,0,0,-750,-671,-574,-574,-507,0,-268,0,-497,-497,-29993,-29994,-29995,-29996,-29997,-29998]} 1. d4 Nf6 2. c4 e6 3. Nc3 Bb4 4. e3 O-O 5. Nge2 c6 (5... d5 6. a3 Be7 7. cxd5 exd5 8. g3 Re8 9. Bg2 a5 10. O-O Na6 11. h3 c6 12. g4 Nc7 13. Ng3 Nd7 14. f4 b5 15. e4 dxe4 16. Ncxe4 Ra6 {½-½ (86) Svidler,P (2760)-Karjakin,S (2763) Moscow 2018}) 6. a3 {E46: Nimzo-Indian: Rubinstein: 4 e3 0-0 5 Ne2 without early Bd3} Ba5 7. c5 d5 8. cxd6 Qxd6 9. b4 Bc7 10. g3 e5 {LiveBook: 6 Games} 11. Bg2 Re8 12. Qc2 $146 (12. Bb2 $11) ({Predecessor:} 12. O-O e4 13. Qc2 {1-0 (26) Sadorra,J (2574)-Annaberdiev,M (2496) Ashkhabad 2017}) 12... exd4 $15 13. exd4 Qxd4 14. O-O Qg4 ({Don't play} 14... Rxe2 $6 15. Qxe2 Bg4 16. Qd2 $16) 15. Be3 Qh5 {...Ng4 is the strong threat.} 16. Bf4 ({White should play} 16. h4) 16... Bb6 $36 {[%mdl 2048] White is under strong pressure.} 17. h4 Qf5 (17... Bf5 $19 18. Qd2 Na6) 18. Qb2 Be6 19. Na4 (19. a4 $15) 19... Bd5 20. Nxb6 axb6 21. Nd4 Qd7 22. Nf3 Qd8 23. Rad1 Nbd7 24. Ne5 (24. b5 $17) 24... Bxg2 $1 $19 25. Kxg2 Nd5 26. Rfe1 (26. Nd3 $142) 26... Nxe5 27. Bxe5 f6 28. Bd4 b5 29. Qb3 Qd7 30. Rxe8+ Rxe8 31. a4 (31. Qf3 $17) 31... bxa4 32. Qxa4 b5 (32... Qg4 $19 33. Kh2 Qe2) 33. Qb3 $17 Qg4 34. Bc5 Kh8 35. Rd4 Qe2 36. Rd1 Nc3 (36... h5 $17 37. Qf3 Re4 38. Qxe2 Rxe2) 37. Rd7 Qe4+ 38. Kh2 Nd5 39. Qa3 h5 40. Qa7 $2 {[%mdl 8192] [#]} (40. Rf7 $17) 40... Nf4 $1 $19 {[%mdl 512]} 41. gxf4 Qxf4+ 42. Kg2 Qg4+ 43. Kh2 Qf4+ 44. Kg2 Qg4+ 45. Kh2 Qxh4+ 46. Kg2 Qg4+ 47. Kh2 Qh4+ 48. Kg2 {[#]} Qg4+ $2 (48... Re1 $1 49. Re7 Qg5+ 50. Kh2 Rg1 51. Qa8+ Kh7 52. Qxc6 Rg4 53. Qe4+ Rxe4 54. Rxe4 Qf5) 49. Kh2 {[#]} Re1 $1 {( -> ...Qg1+)} 50. Rd4 (50. Re7 $19 Qg1+ 51. Kh3 Qh1+ 52. Kg3 Rg1+ 53. Kf4) 50... Qf3 {[%csl Gf3][%cal Re1h1] Black mates.} 51. Qxg7+ Kxg7 {[%csl Gf3][%cal Re1h1]} 52. Bf8+ Kg6 {Precision: White = 36%, Black = 61%.} 0-1

[Event "2nd Hersonissos Open 2018"]
[Site "Hersonissos"]
[Date "2018.06.21"]
[Round "6"]
[White "Umbetov, Kazybek"]
[Black "Kouvidis, Ioannis"]
[Result "1-0"]
[WhiteElo "2001"]
[BlackElo "1730"]
[Annotator "NA"]
[PlyCount "59"]
[EventDate "2018.06.16"]
[EventType "swiss"]
[EventCountry "GRE"]
[SourceTitle "playchess.com"]
[Source "ChessBase"]
[SourceQuality "1"]
[TimeControl "5400+30"]

1. d4 {[%emt 0:00:00]} Nf6 {[%emt 0:00:10]} 2. c4 {[%emt 0:00:00]} g6 {[%emt 0:00:06]} 3. Nc3 {[%emt 0:00:00]} Bg7 {[%emt 0:00:06]} 4. e4 {[%emt 0:00:00]} d6 {[%emt 0:00:21]} 5. Nf3 {[%emt 0:00:00]} O-O {[%emt 0:00:11]} 6. Be2 {[%emt 0:00:00]} e5 {[%emt 0:00:06]} 7. O-O {[%emt 0:00:01]} exd4 {[%emt 0:00:06]} 8. Nxd4 {[%emt 0:00:15]} Re8 {[%emt 0:00:05]} 9. f3 {[%emt 0:04:07]} Nc6 {[%emt 0:00:36]} 10. Be3 {[%emt 0:00:36]} Nh5 {[%emt 0:00:09]} 11. Nxc6 {[%emt 0:05:42]} bxc6 {[%emt 0:00:11]} 12. Qd2 {[%emt 0:04:49]} Qe7 {[%emt 0:03:48]} 13. Rfd1 {[%emt 0:04:20]} Be6 {[%emt 0:07:05]} 14. Rac1 {[%emt 0:04:20]} c5 {[%emt 0:04:44]} 15. g4 {[%emt 0:04:47]} Be5 {[%emt 0:14:04]} 16. gxh5 {[%emt 0:11:52]} Bxh2+ {[%emt 0:00:25]} 17. Kh1 {[%emt 0:00:24]} Qh4 {[%emt 0:01:47]} 18. Bg5 {[%emt 0:00:55]} Qg3 {[%emt 0:15:17]} 19. Bd3 {[%emt 0:01:52]} Bh3 {[%emt 0:04:07]} 20. Nd5 {[%emt 0:03:30]} Re5 {[%emt 0:20:13]} 21. Bf4 {[%emt 0:00:41]} Qxf3+ {[%emt 0:00:22]} 22. Kxh2 {[%emt 0:00:09]} Rxd5 {[%emt 0:02:31]} 23. cxd5 {[%emt 0:00:56]} Qxh5 {[%emt 0:01:32]} 24. Kg3 {[%emt 0:00:02]} Qg4+ {[%emt 0:03:16]} 25. Kf2 {[%emt 0:00:01]} Qh4+ {[%emt 0:01:10]} 26. Bg3 {[%emt 0:00:09]} Qf6+ {[%emt 0:00:13]} 27. Kg1 {[%emt 0:00:18]} Rb8 {[%emt 0:01:39]} 28. b3 {[%emt 0:00:16]} c4 {[%emt 0:01:07]} 29. Bxc4 {[%emt 0:00:25]} Re8 {[%emt 0:00:30]} 30. Qf2 {[%emt 0:00:55]} 1-0

[Event "2nd Hersonissos Open 2018"]
[Site "Hersonissos"]
[Date "2018.06.21"]
[Round "6"]
[White "Angermuende, Dirk"]
[Black "Haverkamp, Klaus"]
[Result "1/2-1/2"]
[WhiteElo "1966"]
[BlackElo "1921"]
[Annotator "NA"]
[PlyCount "35"]
[EventDate "2018.06.16"]
[EventType "swiss"]
[EventCountry "GRE"]
[SourceTitle "playchess.com"]
[Source "ChessBase"]
[SourceQuality "1"]
[TimeControl "5400+30"]

1. e4 {[%emt 0:00:00]} c5 {[%emt 0:00:29]} 2. c3 {[%emt 0:00:00]} Nf6 {[%emt 0:01:00]} 3. e5 {[%emt 0:00:00]} Nd5 {[%emt 0:00:59]} 4. d4 {[%emt 0:00:00]} cxd4 {[%emt 0:00:29]} 5. Qxd4 {[%emt 0:00:07]} e6 {[%emt 0:02:33]} 6. Nf3 {[%emt 0:00:08]} Nc6 {[%emt 0:01:32]} 7. Qe4 {[%emt 0:00:16]} f5 {[%emt 0:02:28]} 8. exf6 {[%emt 0:00:40]} Nxf6 {[%emt 0:01:44]} 9. Qh4 {[%emt 0:00:53]} Be7 {[%emt 0:03:08]} 10. Bd3 {[%emt 0:00:31]} O-O {[%emt 0:07:16]} 11. Bg5 {[%emt 0:00:31]} h6 {[%emt 0:05:16]} 12. Bxh6 {[%emt 0:00:47]} gxh6 {[%emt 0:01:03]} 13. Qg3+ {[%emt 0:00:35]} Kh8 {[%emt 0:00:08]} 14. Qg6 {[%emt 0:00:10]} Qe8 {[%emt 0:01:59]} 15. Qxh6+ {[%emt 0:00:15]} Kg8 {[%emt 0:00:07]} 16. Qg5+ {[%emt 0:00:10]} Kh8 {[%emt 0:00:11]} 17. Qh6+ {[%emt 0:00:08]} Kg8 {[%emt 0:00:14]} 18. Qg5+ {[%emt 0:00:07]} 1/2-1/2

[Event "2nd Hersonissos Open 2018"]
[Site "Hersonissos"]
[Date "2018.06.21"]
[Round "6"]
[White "Stefanov, Evtim"]
[Black "Iminov, Bachtiar"]
[Result "0-1"]
[WhiteElo "1959"]
[BlackElo "1842"]
[Annotator "NA"]
[PlyCount "118"]
[EventDate "2018.06.16"]
[EventType "swiss"]
[EventCountry "GRE"]
[SourceTitle "playchess.com"]
[Source "ChessBase"]
[SourceQuality "1"]
[TimeControl "5400+30"]

1. e4 {[%emt 0:00:00]} c5 {[%emt 0:00:42]} 2. Nc3 {[%emt 0:01:55]} g6 {[%emt 0:00:35]} 3. g3 {[%emt 0:00:07]} Bg7 {[%emt 0:00:06]} 4. d3 {[%emt 0:00:07]} Nc6 {[%emt 0:00:09]} 5. Bg2 {[%emt 0:00:22]} d6 6. f4 {[%emt 0:01:24]} Rb8 {[%emt 0:01:36]} 7. Nf3 {[%emt 0:00:25]} b5 {[%emt 0:00:25]} 8. O-O {[%emt 0:00:52]} Bg4 {[%emt 0:05:01]} 9. h3 {[%emt 0:08:51]} Bxf3 {[%emt 0:01:57]} 10. Qxf3 {[%emt 0:02:54]} Nd4 {[%emt 0:01:52]} 11. Qf2 {[%emt 0:01:01]} b4 {[%emt 0:02:53]} 12. Nd1 {[%emt 0:00:44]} Nf6 {[%emt 0:00:41]} 13. c3 {[%emt 0:01:45]} bxc3 {[%emt 0:01:47]} 14. bxc3 {[%emt 0:00:06]} Nb5 {[%emt 0:00:22]} 15. e5 {[%emt 0:02:47]} Nd7 {[%emt 0:01:29]} 16. a4 {[%emt 0:00:30]} Nc7 {[%emt 0:00:30]} 17. exd6 exd6 {[%emt 0:01:22]} 18. Re1+ {[%emt 0:01:23]} Ne6 {[%emt 0:05:23]} 19. f5 {[%emt 0:00:21]} gxf5 {[%emt 0:00:11]} 20. Qxf5 {[%emt 0:00:08]} Qf6 {[%emt 0:01:35]} 21. Be4 {[%emt 0:06:04]} Qxf5 {[%emt 0:16:40]} 22. Bxf5 {[%emt 0:00:30]} Ne5 {[%emt 0:00:30]} 23. Kg2 O-O 24. Ba3 {[%emt 0:07:57]} Rfe8 {[%emt 0:05:13]} 25. Nf2 {[%emt 0:07:09]} Nxd3 {[%emt 0:06:16]} 26. Nxd3 {[%emt 0:02:56]} Bxc3 {[%emt 0:01:20]} 27. Rab1 {[%emt 0:11:23]} Bxe1 {[%emt 0:00:51]} 28. Rxb8 {[%emt 0:00:35]} Rxb8 {[%emt 0:01:15]} 29. Nxe1 {[%emt 0:00:06]} Nd4 {[%emt 0:00:53]} 30. Bd3 {[%emt 0:04:21]} Rb3 {[%emt 0:10:00]} 31. Bc1 {[%emt 0:00:19]} c4 {[%emt 0:00:07]} 32. Be4 {[%emt 0:01:41]} Ne2 33. Bh6 {[%emt 0:00:30]} Rxg3+ {[%emt 0:08:37]} 34. Kf2 {[%emt 0:12:42]} Rxh3 {[%emt 0:00:18]} 35. Be3 {[%emt 0:00:12]} Nc3 {[%emt 0:02:24]} 36. Bc2 {[%emt 0:01:14]} a6 {[%emt 0:06:16]} 37. Nf3 {[%emt 0:01:26]} Nd5 {[%emt 0:00:50]} 38. Bd4 {[%emt 0:01:07]} Nb4 39. Be4 {[%emt 0:00:30]} d5 40. Bf5 {[%emt 0:00:30]} Rh5 41. Bc8 {[%emt 0:00:30]} Rh1 {[%emt 0:00:00]} 42. a5 {[%emt 0:00:00]} Nc6 {[%emt 0:00:00]} 43. Bc3 {[%emt 0:00:00]} Rc1 {[%emt 0:00:00]} 44. Bd2 {[%emt 0:00:00]} Rc2 {[%emt 0:00:00]} 45. Ke1 {[%emt 0:00:00]} c3 {[%emt 0:00:00]} 46. Bg5 {[%emt 0:00:00]} Nb4 {[%emt 0:00:00]} 47. Ne5 {[%emt 0:08:44]} Rg2 {[%emt 0:00:00]} 48. Bf4 {[%emt 0:01:10]} d4 {[%emt 0:03:50]} 49. Bf5 {[%emt 0:01:45]} Ra2 {[%emt 0:03:52]} 50. Nd3 {[%emt 0:02:53]} Nxd3+ {[%emt 0:02:10]} 51. Bxd3 {[%emt 0:00:31]} Rxa5 {[%emt 0:00:15]} 52. Kd1 {[%emt 0:00:16]} Ra2 {[%emt 0:01:00]} 53. Kc1 {[%emt 0:00:19]} h5 {[%emt 0:00:29]} 54. Bg5 {[%emt 0:01:26]} a5 {[%emt 0:00:49]} 55. Bf6 {[%emt 0:00:31]} Rd2 {[%emt 0:00:15]} 56. Bc2 {[%emt 0:00:52]} h4 57. Bxh4 {[%emt 0:00:30]} d3 58. Bd1 {[%emt 0:00:30]} Rh2 59. Kb1 {[%emt 0:00:30]} c2+ 0-1

[Event "2nd Hersonissos Open 2018"]
[Site "Hersonissos"]
[Date "2018.06.21"]
[Round "6"]
[White "Bit-Narva, David"]
[Black "Risting, Eivind Olav"]
[Result "1-0"]
[WhiteElo "1926"]
[BlackElo "2301"]
[Annotator "NA"]
[PlyCount "51"]
[EventDate "2018.06.16"]
[EventType "swiss"]
[EventCountry "GRE"]
[SourceTitle "playchess.com"]
[Source "ChessBase"]
[SourceQuality "1"]
[TimeControl "5400+30"]

1. e4 {[%emt 0:00:00]} c6 {[%emt 0:02:10]} 2. d3 {[%emt 0:00:03]} d5 {[%emt 0:00:11]} 3. Nd2 {[%emt 0:00:08]} e5 {[%emt 0:01:48]} 4. Ngf3 {[%emt 0:00:41]} Bd6 {[%emt 0:00:15]} 5. d4 {[%emt 0:01:14]} exd4 {[%emt 0:02:57]} 6. exd5 {[%emt 0:00:58]} cxd5 {[%emt 0:04:45]} 7. Nxd4 {[%emt 0:02:20]} Nc6 {[%emt 0:00:37]} 8. Nxc6 {[%emt 0:05:52]} bxc6 {[%emt 0:00:05]} 9. Bd3 {[%emt 0:02:06]} Nf6 {[%emt 0:06:48]} 10. O-O {[%emt 0:04:18]} O-O {[%emt 0:00:26]} 11. c4 {[%emt 0:02:32]} d4 {[%emt 0:13:44]} 12. Qf3 {[%emt 0:02:25]} Bg4 {[%emt 0:19:25]} 13. Qxc6 {[%emt 0:01:28]} Rc8 {[%emt 0:00:11]} 14. Qb5 {[%emt 0:23:55]} Rc5 {[%emt 0:14:19]} 15. Qb7 {[%emt 0:02:56]} Rc7 {[%emt 0:10:47]} 16. Qb5 {[%emt 0:01:34]} Qe7 {[%emt 0:01:30]} 17. Nb3 {[%emt 0:02:43]} h6 {[%emt 0:07:25]} 18. Bd2 {[%emt 0:05:11]} Bd7 {[%emt 0:01:09]} 19. Qa5 {[%emt 0:03:26]} Ng4 {[%emt 0:00:50]} 20. f4 {[%emt 0:15:43]} Qh4 {[%emt 0:02:13]} 21. h3 {[%emt 0:00:04]} Ne3 {[%emt 0:00:10]} 22. Be1 {[%emt 0:06:16]} Qd8 {[%emt 0:07:13]} 23. Rf2 {[%emt 0:02:54]} Nxc4 {[%emt 0:02:13]} 24. Qd5 {[%emt 0:02:07]} Be6 {[%emt 0:00:32]} 25. Qe4 {[%emt 0:01:06]} Ne3 {[%emt 0:00:45]} 26. Qh7# {[%emt 0:00:08]} 1-0

[Event "2nd Hersonissos Open 2018"]
[Site "Hersonissos"]
[Date "2018.06.21"]
[Round "6"]
[White "Maris, Ioannis"]
[Black "Fragiadakis, Emanouel"]
[Result "1-0"]
[WhiteElo "1915"]
[BlackElo "1813"]
[Annotator "NA"]
[PlyCount "55"]
[EventDate "2018.06.16"]
[EventType "swiss"]
[EventCountry "GRE"]
[SourceTitle "playchess.com"]
[Source "ChessBase"]
[SourceQuality "1"]
[TimeControl "5400+30"]

1. e4 {[%emt 0:00:00]} e5 {[%emt 0:00:10]} 2. Nf3 {[%emt 0:00:11]} Nc6 {[%emt 0:00:03]} 3. Bc4 {[%emt 0:00:34]} Bc5 {[%emt 0:00:04]} 4. c3 {[%emt 0:00:34]} Nf6 {[%emt 0:00:12]} 5. d3 {[%emt 0:01:23]} a6 {[%emt 0:00:41]} 6. b4 {[%emt 0:01:43]} Ba7 {[%emt 0:02:31]} 7. O-O {[%emt 0:01:14]} O-O {[%emt 0:02:17]} 8. Bg5 {[%emt 0:01:52]} h6 {[%emt 0:00:39]} 9. Bh4 {[%emt 0:00:11]} d6 {[%emt 0:00:31]} 10. h3 {[%emt 0:00:43]} Be6 {[%emt 0:01:19]} 11. Na3 {[%emt 0:02:17]} Qe7 {[%emt 0:04:38]} 12. Qc1 {[%emt 0:05:32]} Bxc4 {[%emt 0:08:29]} 13. Nxc4 {[%emt 0:00:59]} Qe6 {[%emt 0:01:31]} 14. Ne3 {[%emt 0:01:40]} Ne7 {[%emt 0:02:02]} 15. Qd2 {[%emt 0:14:04]} Nh5 {[%emt 0:20:27]} 16. Bxe7 {[%emt 0:12:46]} Qxe7 {[%emt 0:00:02]} 17. Nf5 {[%emt 0:00:13]} Qe6 {[%emt 0:05:42]} 18. Kh2 {[%emt 0:01:20]} d5 {[%emt 0:07:43]} 19. g3 {[%emt 0:07:42]} dxe4 {[%emt 0:01:18]} 20. dxe4 {[%emt 0:00:04]} Rad8 {[%emt 0:19:32]} 21. Qe2 {[%emt 0:00:24]} Rd7 {[%emt 0:07:35]} 22. Nxe5 {[%emt 0:11:50]} Qxe5 {[%emt 0:00:19]} 23. Qxh5 {[%emt 0:00:04]} Qxc3 {[%emt 0:02:18]} 24. Qg4 {[%emt 0:00:53]} Rd2 {[%emt 0:01:52]} 25. Nxh6+ {[%emt 0:00:38]} Kh7 {[%emt 0:00:11]} 26. Nf5 {[%emt 0:00:19]} Bxf2 {[%emt 0:00:56]} 27. Qh5+ {[%emt 0:00:18]} Kg8 {[%emt 0:00:18]} 28. Ne7# {[%emt 0:00:05]} 1-0